[Event "Orsha op-A 22nd"]
[Site "Orsha"]
[Date "2024.01.25"]
[Round "7"]
[White "Belinskiy, Nikita"]
[Black "Denishev, Marat"]
[Result "1/2-1/2"]
[WhiteElo "1606"]
[BlackElo "2172"]
[PlyCount "111"]
[EventDate "2024.01.22"]
[EventType "swiss"]
[EventRounds "9"]
[EventCountry "BLR"]
[SourceTitle "CB05_2024"]
[SourceDate "2024.01.31"]
[SourceVersion "1"]
[SourceVersionDate "2024.01.31"]
[SourceQuality "1"]

1. e4 c5 2. Nf3 d6 3. d4 cxd4 4. Nxd4 Nf6 5. Nc3 e6 6. g4 h6 7. Be3 Nc6 8. f3 a6 9. Qd2 Bd7 10. Bg2 Ne5 11. b3 Rc8 12. Nce2 d5 13. h3 dxe4 14. f4 Ng6 15. 0-0 Bc5 16. c4 e5 17. fxe5 Nxe5 18. Rad1 Bc6 19. Rf5 Qe7 20. Nxc6 Rxc6 21. Bxc5 Rxc5 22. Nc3 Ned7 23. Nxe4 Rxf5 24. Nd6+ Kf8 25. Nxf5 Qc5+ 26. Qd4 Qxd4+ 27. Rxd4 g6 28. Ne3 b6 29. Bc6 Ne5 30. Bb7 Ke7 31. Nd5+ Nxd5 32. Rxd5 f6 33. a4 a5 34. Rb5 Kd6 35. Rxb6+ Kc7 36. Rb5 Rb8 37. Bd5 Rxb5 38. cxb5 Kd6 39. Bc4 Nf3+ 40. Kg2 Nd4 41. Bf7 g5 42. Bc4 f5 43. gxf5 Nxf5 44. Kf3 h5 45. Bf7 g4+ 46. hxg4 hxg4+ 47. Kf4 g3 48. Kf3 Kc5 49. Kg2 Kd6 50. Bc4 Kc5 51. Be6 Nd4 52. Bc4 Nf5 53. Bd3 Nd4 54. Kxg3 Nxb3 55. Bc2 Nd4 56. Bd1 1/2-1/2